DC DUTTA'S TEXTBOOK OF OBSTETRICS INCLUDING PERINATOLOGY AND CONTRACEPTION (Record no. 215642)
[ view plain ]
| 000 -LEADER | |
|---|---|
| fixed length control field | 00556nam a22001937a 4500 |
| 008 - FIXED-LENGTH DATA ELEMENTS--GENERAL INFORMATION | |
| fixed length control field | 250610b |||||||| |||| 00| 0 eng d |
| 020 ## - INTERNATIONAL STANDARD BOOK NUMBER | |
| International Standard Book Number | 978-9-3527-0242-8 |
| 050 ## - LIBRARY OF CONGRESS CALL NUMBER | |
| Classification number | RG 524.D88 2019 |
| 100 ## - MAIN ENTRY--PERSONAL NAME | |
| Personal name | DC DUTTA |
| 245 ## - TITLE STATEMENT | |
| Title | DC DUTTA'S TEXTBOOK OF OBSTETRICS INCLUDING PERINATOLOGY AND CONTRACEPTION |
| 250 ## - EDITION STATEMENT | |
| Edition statement | 9 |
| 260 ## - PUBLICATION, DISTRIBUTION, ETC. | |
| Place of publication, distribution, etc. | NEW DELHI |
| Name of publisher, distributor, etc. | JAYPEE BROTHERS MEDICAL PUBLISHERS |
| Date of publication, distribution, etc. | 2019 |
| 300 ## - PHYSICAL DESCRIPTION | |
| Extent | X,660 |
| 500 ## - GENERAL NOTE | |
| General note | INCLUDES AN INDEX |
| 650 ## - SUBJECT ADDED ENTRY | |
| Topical term or geographic name entry element | Obstetrics--Textbooks. |
| 700 ## - ADDED ENTRY--PERSONAL NAME | |
| Personal name | KONAR HIRALAL |
| 942 ## - ADDED ENTRY ELEMENTS (KOHA) | |
| Source of classification or shelving scheme | Library of Congress Classification |
| Koha item type | Long Loan Book |
| Withdrawn status | Lost status | Source of classification or shelving scheme | Damaged status | Not for loan | Collection | Home library | Current library | Shelving location | Date acquired | Inventory number | Total checkouts | Full call number | Barcode | Date last seen | Date last checked out | Copy number | Price effective from | Koha item type | Total renewals |
|---|---|---|---|---|---|---|---|---|---|---|---|---|---|---|---|---|---|---|---|
| Library of Congress Classification | Medicine | Kisii University Library | Kisii University Library | On Display | 06/10/2025 | 108143 | 2 | RG 524.D88 2019 | 000000018664 | 01/05/2026 | 12/18/2025 | C.1 | 06/10/2025 | Long Loan Book | |||||
| Library of Congress Classification | Medicine | Kisii University Library | Kisii University Library | On Display | 06/10/2025 | 108144 | 3 | RG 524.D88 2019 | 000000018663 | 09/01/2025 | 08/27/2025 | C.2 | 06/10/2025 | Long Loan Book | 2 | ||||
| Library of Congress Classification | Medicine | Kisii University Library | Kisii University Library | On Display | 06/10/2025 | 108145 | 4 | RG 524.D88 2019 | 000000018460 | 12/18/2025 | 12/16/2025 | C.3 | 06/10/2025 | Long Loan Book |